000 00351nam a2200145 i 4500
001 bg
100 1 _aSIKORSKI, Józef
245 0 _aUkłady kierownicze samochodów /
_cJózef Sikorski.
250 _aWyd.3 popr.i uzup.
260 _aWarszawa,
_c1981.
040 _cBPK
041 _apol
942 _cKS
008 s pl f |000 0 pol
999 _c19892
_d19892
856 _uhttp://koha.tu.koszalin.pl/cgi-bin/koha/opac-detail.pl?biblionumber=19892
_yKatalog online BPK